• 首页
  • 本馆介绍
  • 公告通知
  • 最新文献
  • 馆藏检索
  • 电子资源
  • 读者导购
  • 参考咨询
  • 我的图书馆
  • 登录
  • 详细信息显示
  • 放入我的书架
  • 预约/预借图书
  • 作者相关作品
  • 分类相关作品
  • 丛书相关作品
  • 出版社相关作品

书目信息

  • 表格格式
  • 工作单格式
  • 卡片格式
题名:
万有引力的故事
    
 
作者: 陈福生 著
分册:  
出版信息: 北京   中国少年儿童出版社  1983
页数: 88页
开本: 19cm
丛书名: 少年百科丛书
单 册:
中图分类: O314-49
科图分类:
主题词: 儿童文学-科学故事--中国--现代 , 科学故事-儿童文学--中国--现代 , 理论力学 , 一般力学
电子资源:
ISBN:
000 00771nam2 2200289 45
001 0183010330
005 20061020103308.26
010    @dCNY0.24
091    @aR13056.158
100    @a19950314d1983 cemy0chiy0121 ea
101 0  @achi
102    @aCN@b110000
105    @ay z 000fy
200 10 @a万有引力的故事@Awan you yin li de gu shi@f陈福生著
210    @a北京@c中国少年儿童出版社@d1983
215    @a88页@d19cm
225 2  @a少年百科丛书
410  0 @120010@a少年百科丛书
606    @a儿童文学-科学故事@y中国@z现代
606    @a科学故事-儿童文学@y中国@z现代
606 0  @a理论力学
606 0  @a一般力学
690    @aO314-49@v3
701  0 @a陈福生@Achen fu sheng@4著
801  2 @aCN@bNLC@c20061020
801  0 @aCN@bTSSF
905    @a10447@dO314-49@e13
    
    万有引力的故事/陈福生著.-北京:中国少年儿童出版社,1983
    88页;19cm.-(少年百科丛书)
    
    
    ISBN :CNY0.24
    
●
相关链接 在E读中查询图书 在五车中查询图书 在当当中查询图书 在豆瓣中查询图书


正题名:万有引力的故事     索取号:O314-49/13         预约/预借

序号 登录号 条形码 馆藏地/架位号 状态 备注
1 0503064   205030642   密集书库/ [索取号:O314-49/13] 在馆    
唐山师范学院图书馆 欢迎您!
大连网信软件有限公司© 版权所有